000 00529nam a2200169 a 4500
001 4083
005 20140414132020.0
008 081222s19uu xx 00 eng d
020 _a0-439-42591-3
050 _aTR
_bSI3 2002
100 _aMay, Darcy.
245 _aSilent night /
_cillustrated by Darcy May.
260 _aNew York :
_bScholastic,
_c2002.
300 _a1 v. (unpaged) : col. ill., mu
520 _aAn illustrated version of the well-known German Christmas hymn celebrating the birth of Christ.
999 _c113445
_d113445